00394nam a2200157 a 450000100060000000300090000600800410001502000180005604000280007408200170010210000210011924500420014026000240018230000110020665000190021723138CO-ViMGA141112s2004 ck r 000 u spa d a9788466636223 aCO-ViMGAbspacCO-ViMGA04a823.91 P855l1 aPullman, Phillip10aLuces del norte : bLa brujula dorada aColombia : bB. S.A a379 P.14aNOVELA INGLESA